LEADER 01190nam a2200289 u 4500 001 000000031393 003 CaOOAMICUS 005 20070226112132.0 008 971002s1969 ne abf u000 u eng u 035 $a10771204 040 $aPUL(R)$bita 100 1 $aNeusner, Jacob,$d1932-$0(OLS)http://pul/name/19439 245 12$aA history of the Jews in Babylonia.$nI,$pThe parthian period /$cby Jacob Neusner .. 246 30$aParthian period 260 $aLeiden :$bE. J. Brill,$c1969. 300 $axxiii, 249 p., [2] c. di tav. :$bc. geogr.(pt. pieg.) ;$c24 cm 490 1 $aStudia post-biblica ;$v9 500 $aContiene indici. 504 $aBibliografia: p. [204]-226. 830 0$aStudia post-biblica ;$v9.$0(OLS)http://pul/title/19155 850 $aPUL 852 $aPUL$W1$xSL Religione 1$y3$m7(1) D 1$j43357$nBK-PRI$b $qStampati$B43357$CPULBib$Z2$F43357 $H $81 941 1 $a8 961 $aINV: 31 144 996 $6245$aA history of the Jews in Babylonia.$nI,$pThe parthian period$9(OLS)http://pul/title/43169 996 $6246$aParthian period$9(OLS)http://pul/title/43170 996 $6260$aLeiden :$bE. J. Brill$9(OLS)http://pul/publisher/48610 LEADER 02019nam a2200445 u 4500 001 000000067975 003 CaOOAMICUS 005 20070226121740.0 008 020225s1980 it u000 u ita u 020 $a8816300566 035 $a10921884 040 $aPUL$bita 041 1 $aita$hger 100 1 $aBalthasar, Hans Urs von,$ccardinale,$d1905-1988.$0(OLS)http://pul/name/1429 240 10$aAlter Bund.$lItaliano.$0(OLS)http://pul/title/90008 245 10$aAntico patto /$c[Hans Urs von Balthasar] ; traduzione di Michele Fiorillo, U e C. Derungs. 246 35$aGloria : una estetica teologica 246 3 $aHerrlichkeit 260 $aMilano :$bJaca Book,$c1980. 300 $a356 p. ;$c24 cm 490 1 $aHans Urs von Balthasar. Opere. Sezione prima, Gloria ;$v6 490 1 $aGià e non ancora ;$v56 500 $aTit. orig. dell'opera: Herrlichkeit. 500 $a"Indice dei nomi di persona": p. 355-356. 504 $aBibliografia in nota. 630 04$aBiblia.$pV.T.$0(OLS)http://pul/subject/1661 650 4$aProfeti.$0(OLS)http://pul/subject/10036 700 1 $aFiorillo, Michele.$0(OLS)http://pul/name/25278 700 1 $aDerungs, Ursicin.$0(OLS)http://pul/name/45299 800 1 $aBalthasar, Hans Urs von,$ccardinale,$d1905-1988.$tOpere$9(Balthasar, Hans Urs von, card., 1905-1988) ;$v6.$0(OLS)http://pul/nameTitle/132$0(OLS)http://pul/name/1429$0(OLS)http://pul/title/72756 830 0$aGià e non ancora ;$v56.$0(OLS)http://pul/title/129 850 $aPUL 852 $aPUL$W1$xSL Religione 1$y3$m56 N 25.6$j87977$nBK-PRI$b $qStampati$B87977$CPULBib$Z2$F87977 $H $81 941 1 $a8 961 $aINV: 89123 996 $6020$a8816300566$9(OLS)http://pul/number/88095 996 $6245$aAntico patto$9(OLS)http://pul/title/90009 996 $6246$aGloria : una estetica teologica$9(OLS)http://pul/title/89911 996 $6246$aHerrlichkeit$9(OLS)http://pul/title/89912 996 $6260$aMilano :$bJaca Book$9(OLS)http://pul/publisher/47900